000 00573nam a2200193Ia 4500
005 20221115125818.0
008 131103s9999 xx 000 0 und d
040 _aLoreto College
041 _aEnglish
082 _a821.7
_bCOL-COB
245 _aColeridge
_b a collection of critical essays
_cedited by Kathleen Coburn
260 _aEnglish Cliffs
_bPrentice - Hall
_c1967
300 _avi,186 p.
504 _aIncludes bibliographical references
650 _aColeridge,Samuel Taylor,1772 - 1834
700 _aCoburn,Kathleen ed.
850 _aLCLIB
942 _cBK
999 _c6026
_d56505